[Event "RUS-chT Premier 2019"]
[Site "Sochi"]
[Date "2019.05.07"]
[Round "6.15"]
[White "Esipenko, Andrey"]
[Black "Tsydypov, Zhamsaran"]
[Result "1-0"]
[WhiteElo "2620"]
[BlackElo "2546"]
[Annotator "ChessBase"]
[PlyCount "75"]
[EventDate "2019.05.01"]
[EventType "team-tourn"]
[EventCountry "RUS"]
[SourceTitle "playchess.com"]
[Source "ChessBase"]
[SourceQuality "1"]
[TimeControl "40/5400+30:1800+30"]

1. d4 {[%emt 0:00:00]} Nf6 {[%emt 0:00:48]} 2. Nf3 {[%emt 0:00:00]} g6 {[%emt 0:00:13]} 3. g3 {[%emt 0:00:07]} Bg7 {[%emt 0:00:27]} 4. Bg2 {[%emt 0:00:09]} d5 {[%emt 0:02:11]} 5. O-O {[%emt 0:00:49]} O-O {[%emt 0:01:08]} 6. c4 {[%emt 0:00:20]} dxc4 {[%emt 0:02:59]} 7. Na3 {[%emt 0:00:27]} Nc6 {[%emt 0:07:21]} 8. Nxc4 {[%emt 0:03:08]} Be6 {[%emt 0:00:39]} 9. b3 {[%emt 0:02:39]} Bd5 {[%emt 0:04:42]} 10. Bb2 {[%emt 0:06:05]} Ne8 {[%emt 0:02:00]} 11. e3 {[%emt 0:12:33]} Nd6 {[%emt 0:07:20]} 12. Qe2 {[%emt 0:01:28]} a5 {[%emt 0:04:55]} 13. a4 {[%emt 0:06:53]} Nb4 {[%emt 0:04:09]} 14. Rfd1 {[%emt 0:03:16]} Qe8 {[%emt 0:11:30]} 15. Ne1 {[%emt 0:13:41]} Nxc4 {[%emt 0:01:56]} 16. bxc4 {[%emt 0:01:35]} Bxg2 {[%emt 0:00:07]} 17. Nxg2 {[%emt 0:00:05]} e5 {[%emt 0:00:15]} 18. d5 {[%emt 0:00:08]} b6 {[%emt 0:09:30]} 19. e4 {[%emt 0:01:48]} Qd7 {[%emt 0:05:11]} 20. Ne1 {[%emt 0:01:28]} f5 {[%emt 0:00:16]} 21. Nf3 {[%emt 0:03:39]} fxe4 {[%emt 0:04:20]} 22. Ng5 {[%emt 0:00:21]} Qf5 {[%emt 0:03:04]} 23. Nxe4 {[%emt 0:01:14]} Qf3 {[%emt 0:01:07]} 24. Qxf3 {[%emt 0:02:22]} Rxf3 {[%emt 0:00:02]} 25. d6 {[%emt 0:00:42]} cxd6 {[%emt 0:00:36]} 26. Rxd6 {[%emt 0:04:05]} Rb3 {[%emt 0:03:22]} 27. Bc1 {[%emt 0:04:22]} Nc2 {[%emt 0:03:57]} 28. Ra2 {[%emt 0:00:12]} Nd4 {[%emt 0:00:06]} 29. Rb2 {[%emt 0:00:19]} Rxb2 {[%emt 0:07:32]} 30. Bxb2 {[%emt 0:00:12]} Rc8 {[%emt 0:00:26]} 31. Rxb6 {[%emt 0:15:57]} Rxc4 {[%emt 0:00:08]} 32. Rb8+ {[%emt 0:01:15]} Bf8 {[%emt 0:00:06]} 33. Ba3 {[%emt 0:03:36]} Nf3+ {[%emt 0:03:20]} 34. Kf1 {[%emt 0:02:10]} Nxh2+ {[%emt 0:01:09]} 35. Kg2 {[%emt 0:00:08]} Rxe4 {[%emt 0:00:11]} 36. Kxh2 {[%emt 0:00:55]} Rxa4 {[%emt 0:00:09]} 37. Rxf8+ {[%emt 0:00:20]} Kg7 {[%emt 0:00:03]} 38. Bd6 {[%emt 0:00:17]} 1-0

[Event "RUS-chT Premier 2019"]
[Site "Sochi"]
[Date "2019.05.07"]
[Round "6.16"]
[White "Bocharov, Dmitry"]
[Black "Yuffa, Daniil"]
[Result "1/2-1/2"]
[WhiteElo "2530"]
[BlackElo "2595"]
[Annotator "ChessBase"]
[PlyCount "109"]
[EventDate "2019.05.01"]
[EventType "team-tourn"]
[EventCountry "RUS"]
[SourceTitle "playchess.com"]
[Source "ChessBase"]
[SourceQuality "1"]
[TimeControl "40/5400+30:1800+30"]

1. d4 {[%emt 0:00:00]} Nf6 {[%emt 0:00:00]} 2. c4 {[%emt 0:00:00]} g6 {[%emt 0:00:00]} 3. Nf3 {[%emt 0:00:15]} Bg7 {[%emt 0:00:00]} 4. g3 {[%emt 0:00:13]} O-O {[%emt 0:00:06]} 5. Bg2 {[%emt 0:00:14]} d6 {[%emt 0:00:08]} 6. Nc3 {[%emt 0:00:29]} Nbd7 {[%emt 0:00:39]} 7. O-O {[%emt 0:00:23]} e5 {[%emt 0:00:05]} 8. e4 {[%emt 0:00:15]} Re8 {[%emt 0:00:06]} 9. h3 {[%emt 0:08:15]} exd4 {[%emt 0:00:34]} 10. Nxd4 {[%emt 0:00:06]} Nc5 {[%emt 0:00:05]} 11. Re1 {[%emt 0:00:39]} Bd7 {[%emt 0:00:16]} 12. Bf4 {[%emt 0:05:01]} h6 {[%emt 0:00:07]} 13. Kh2 {[%emt 0:05:42]} g5 {[%emt 0:13:22]} 14. Bc1 {[%emt 0:02:11]} a5 {[%emt 0:02:05]} 15. f3 {[%emt 0:07:05]} c6 {[%emt 0:24:04]} 16. Be3 {[%emt 0:01:56]} a4 {[%emt 0:03:05]} 17. Rb1 {[%emt 0:06:56]} Nh5 {[%emt 0:11:35]} 18. Qd2 {[%emt 0:06:05]} Qe7 {[%emt 0:04:20]} 19. Rbd1 {[%emt 0:11:43]} Rad8 {[%emt 0:02:13]} 20. Bf2 {[%emt 0:07:01]} Be5 {[%emt 0:04:15]} 21. Nce2 {[%emt 0:01:50]} Qf6 {[%emt 0:05:20]} 22. Be3 {[%emt 0:07:35]} Qg7 {[%emt 0:00:21]} 23. b4 {[%emt 0:00:38]} axb3 {[%emt 0:00:16]} 24. axb3 {[%emt 0:00:03]} b5 {[%emt 0:06:44]} 25. cxb5 {[%emt 0:02:24]} cxb5 {[%emt 0:00:03]} 26. b4 {[%emt 0:03:00]} Na4 {[%emt 0:01:25]} 27. f4 {[%emt 0:07:54]} Bf6 {[%emt 0:00:04]} 28. Bf3 {[%emt 0:10:56]} g4 {[%emt 0:00:07]} 29. hxg4 {[%emt 0:00:22]} Bxg4 {[%emt 0:00:04]} 30. Bxg4 {[%emt 0:00:07]} Qxg4 {[%emt 0:00:10]} 31. Nf5 {[%emt 0:00:18]} Bg7 {[%emt 0:07:04]} 32. Ned4 {[%emt 0:03:59]} Rxe4 {[%emt 0:01:33]} 33. Bf2 {[%emt 0:00:07]} Rde8 {[%emt 0:05:37]} 34. Nxd6 {[%emt 0:01:57]} Nxf4 {[%emt 0:02:24]} 35. gxf4 {[%emt 0:00:19]} Qh5+ {[%emt 0:01:41]} 36. Kg2 {[%emt 0:00:16]} Qg6+ {[%emt 0:00:20]} 37. Kf3 {[%emt 0:01:23]} Rxe1 {[%emt 0:04:23]} 38. Rxe1 {[%emt 0:00:02]} Rxe1 {[%emt 0:01:31]} 39. Qxe1 {[%emt 0:00:30]} Qxd6 {[%emt 0:00:15]} 40. Qe8+ {[%emt 0:00:00]} Bf8 {[%emt 0:00:00]} 41. Nxb5 {[%emt 0:10:42]} Qxb4 {[%emt 0:02:02]} 42. Bd4 {[%emt 0:04:17]} Qb3+ {[%emt 0:01:14]} 43. Kf2 {[%emt 0:02:35]} Qd5 {[%emt 0:05:43]} 44. Qe5 {[%emt 0:02:39]} Qxe5 {[%emt 0:00:08]} 45. fxe5 {[%emt 0:01:32]} Bc5 {[%emt 0:01:21]} 46. Kf3 {[%emt 0:01:31]} Kh7 {[%emt 0:00:39]} 47. Ke4 {[%emt 0:02:13]} Kg6 {[%emt 0:00:31]} 48. Nc7 {[%emt 0:06:35]} Bxd4 {[%emt 0:00:52]} 49. Kxd4 {[%emt 0:00:08]} Kf5 {[%emt 0:00:06]} 50. Ne8 {[%emt 0:00:08]} Nb6 {[%emt 0:03:49]} 51. Ng7+ {[%emt 0:03:36]} Kg6 {[%emt 0:00:54]} 52. e6 {[%emt 0:00:11]} Nc8 {[%emt 0:00:21]} 53. Nf5 {[%emt 0:00:05]} fxe6 {[%emt 0:00:34]} 54. Nxh6 {[%emt 0:00:08]} Kxh6 {[%emt 0:00:15]} 55. Ke5 {[%emt 0:00:06]} 1/2-1/2

[Event "RUS-chT Premier 2019"]
[Site "Sochi"]
[Date "2019.05.07"]
[Round "6.17"]
[White "Antipov, Mikhail Al."]
[Black "Kezin, Roman"]
[Result "1/2-1/2"]
[WhiteElo "2595"]
[BlackElo "2468"]
[Annotator "ChessBase"]
[PlyCount "85"]
[EventDate "2019.05.01"]
[EventType "team-tourn"]
[EventCountry "RUS"]
[SourceTitle "playchess.com"]
[Source "ChessBase"]
[SourceQuality "1"]
[TimeControl "40/5400+30:1800+30"]

1. e4 {[%emt 0:00:00]} c5 {[%emt 0:00:00]} 2. Nf3 {[%emt 0:00:00]} e6 {[%emt 0:00:00]} 3. d4 {[%emt 0:00:00]} cxd4 {[%emt 0:00:00]} 4. Nxd4 {[%emt 0:00:00]} Nc6 {[%emt 0:00:00]} 5. Nc3 {[%emt 0:00:00]} Qc7 {[%emt 0:00:00]} 6. Ncb5 {[%emt 0:00:02]} Qb8 {[%emt 0:08:13]} 7. Bd3 {[%emt 0:00:08]} Nge7 {[%emt 0:14:17]} 8. Be3 {[%emt 0:17:23]} a6 {[%emt 0:22:22]} 9. Nxc6 {[%emt 0:00:55]} bxc6 {[%emt 0:01:03]} 10. Nc3 {[%emt 0:01:59]} Ng6 {[%emt 0:07:33]} 11. O-O {[%emt 0:04:47]} Bd6 {[%emt 0:08:20]} 12. g3 {[%emt 0:09:29]} Qc7 {[%emt 0:07:09]} 13. f4 {[%emt 0:16:09]} c5 {[%emt 0:01:43]} 14. e5 {[%emt 0:02:54]} Be7 {[%emt 0:00:16]} 15. h4 {[%emt 0:01:15]} h5 {[%emt 0:08:08]} 16. Be4 {[%emt 0:09:14]} Rb8 {[%emt 0:02:41]} 17. Qf3 {[%emt 0:02:38]} d5 {[%emt 0:07:45]} 18. exd6 {[%emt 0:00:14]} Bxd6 {[%emt 0:00:04]} 19. Rad1 {[%emt 0:03:29]} f5 {[%emt 0:04:45]} 20. Bc6+ {[%emt 0:00:53]} Kf7 {[%emt 0:00:15]} 21. Rd2 {[%emt 0:03:07]} Ne7 {[%emt 0:02:44]} 22. Rfd1 {[%emt 0:01:26]} Nxc6 {[%emt 0:01:18]} 23. Rxd6 {[%emt 0:00:04]} Nd4 {[%emt 0:00:02]} 24. Bxd4 {[%emt 0:00:51]} cxd4 {[%emt 0:00:05]} 25. R1xd4 {[%emt 0:00:45]} Rxb2 {[%emt 0:00:15]} 26. Qd3 {[%emt 0:03:05]} Kg6 {[%emt 0:01:34]} 27. Rc4 {[%emt 0:03:14]} Qa7+ {[%emt 0:00:11]} 28. Kf1 {[%emt 0:00:51]} Qb7 {[%emt 0:00:55]} 29. Rcc6 {[%emt 0:10:17]} Rd8 {[%emt 0:00:01]} 30. Nd5 {[%emt 0:05:30]} Rxd6 {[%emt 0:02:24]} 31. Rxd6 {[%emt 0:00:01]} Kh7 {[%emt 0:00:50]} 32. Qe2 {[%emt 0:02:19]} Rb1+ {[%emt 0:00:24]} 33. Kf2 {[%emt 0:00:10]} Qf7 {[%emt 0:00:31]} 34. Nb6 {[%emt 0:02:23]} Rh1 {[%emt 0:00:37]} 35. Qc4 {[%emt 0:00:53]} Qg6 {[%emt 0:00:32]} 36. Qd3 {[%emt 0:00:55]} Bb7 {[%emt 0:00:14]} 37. Nd7 {[%emt 0:00:04]} Qg4 {[%emt 0:00:43]} 38. Nf8+ {[%emt 0:00:49]} Kg8 {[%emt 0:00:02]} 39. Nxe6 {[%emt 0:00:10]} Rh2+ {[%emt 0:00:02]} 40. Ke1 {[%emt 0:00:00]} Rh1+ {[%emt 0:00:00]} 41. Kf2 {[%emt 0:00:32]} Rh2+ {[%emt 0:00:57]} 42. Ke1 {[%emt 0:14:08]} Rh1+ {[%emt 0:00:08]} 43. Kf2 {[%emt 0:00:06]} 1/2-1/2

[Event "RUS-chT Premier 2019"]
[Site "Sochi"]
[Date "2019.05.07"]
[Round "6.18"]
[White "Murzin, Volodar"]
[Black "Lomasov, Semyon"]
[Result "1/2-1/2"]
[WhiteElo "2407"]
[BlackElo "2541"]
[Annotator "TA"]
[PlyCount "171"]
[EventDate "2019.05.01"]
[EventType "team-tourn"]
[EventCountry "RUS"]
[SourceTitle "playchess.com"]
[Source "ChessBase"]
[SourceQuality "1"]

{[%evp 15,171,10,9,15,16,6,41,11,4,6,-12,-21,7,7,22,14,31,25,27,26,52,39,52,31,46,15,22,0,0,-8,0,-23,-21,-35,-41,-31,0,-39,0,0,19,0,0,-44,-18,-56,-33,-93,-102,-82,-93,-113,-106,-157,-147,-181,-187,-200,-168,-185,-163,-172,0,-192,-179,-197,-178,-196,-179,-187,-194,-181,-126,-114,-127,-142,-129,-130,-132,-133,-104,-105,-115,-117,-128,-115,-120,-147,-119,-148,-145,-276,-27,-29,0,-274,0,0,0,-69,0,-112,0,0,39,40,55,43,49,0,48,46,55,54,75,11,11,11,11,11,11,11,11,11,11,11,11,11,15,0,0,0,0,0,0,0,0,0,0,0,0,0,0,0,0,0,0,0,0,0,0,0,0,0,0,0,0,0]} 1. e4 c5 2. Nf3 d6 3. Bb5+ Nd7 4. O-O a6 5. Bd3 Ngf6 6. c3 b5 7. Bc2 Bb7 8. Qe2 e6 9. d4 {B51: Sicilian: Moscow Variation (3 Bb5+) without 3...Bd7} Be7 10. Nbd2 {[%cal Bb1d2,Bd2f1,Bf1g3,Bg3f5][%mdl 32]} O-O 11. Re1 {White is slightly better.} Qc7 12. Nf1 Rac8 13. Bd3 Rfe8 (13... cxd4 14. cxd4 e5 15. d5 Nh5 16. Ng3 Nf4 17. Bxf4 exf4 {1-0 (45) Quesada Perez,Y (2612)-Xiong,J (2675) Saint Louis 2018}) 14. Ng3 Bf8 15. Bd2 {[#]} e5 $146 ({Predecessor:} 15... Qb8 16. Rad1 c4 {1-0 (42) Popovic,D (2523)-Cruz,C (2541) Montcada 2016}) 16. d5 c4 17. Bc2 Nb6 {[%cal Bd7b6,Bb6a4,Ba4c5][%mdl 32]} 18. Nf5 a5 19. Rad1 Ba6 20. h3 Na4 21. Bc1 Nc5 22. Nh2 b4 23. Qf3 b3 24. axb3 cxb3 25. Bb1 Nfd7 26. Ng4 f6 27. h4 g6 28. Ngh6+ Kh8 29. Qg4 Nb6 30. h5 g5 $1 31. Qf3 (31. Be3 $1 $15) 31... Bxh6 $1 $17 32. Nxh6 Rf8 33. Nf5 Nc4 34. h6 (34. Ne3 $142) 34... a4 35. Ng7 Rb8 (35... a3 36. bxa3 Qb7 37. Ne6 $17) 36. Kh2 Qf7 (36... a3 37. bxa3 Qf7 38. Be3 $17) 37. Kg1 Bc8 38. Qe2 Ba6 39. Qf3 $1 Qe7 40. Nf5 Qc7 41. Ng7 Qf7 (41... a3 42. bxa3 Qd7 43. Be3 $17) 42. Nf5 Qd7 43. Ng7 Bc8 (43... Bb5 $19 44. Re2 g4) 44. Qe2 Qg4 45. f3 Qd7 $1 46. Be3 Qb5 47. Bxc5 Qxc5+ 48. Kh2 a3 49. bxa3 Nxa3 50. Ne6 Bxe6 $1 51. dxe6 Rfe8 (51... Qxc3 52. Qd3 $15) 52. Rd5 Qb6 53. Qb2 (53. Kg3 $17) 53... Nc4 $2 (53... Nc2 $1 $19 {[%cal Rc2e1]} 54. Rh1 (54. Bxc2 $2 Qf2 $19 {[%mdl 64] Pin}) 54... Rxe6) 54. Qe2 $11 Na3 $2 (54... Qc7 $11) 55. Qb2 $19 Nxb1 $2 (55... Nc2 $1 $19 {[%cal Rc2e1]} 56. Rh1 (56. Bxc2 $2 Qf2 $19 {[%mdl 64] Pin}) 56... Rxe6) 56. Rxb1 $11 Rxe6 57. Qd2 {[#]} ({White should play} 57. g4 $1 $11) 57... Qd8 (57... f5 $1 $15 {[%mdl 512]} 58. exf5 Rxh6+ 59. Kg3 Qa6) 58. c4 {[#]} (58. g4 $11) 58... Qf8 (58... f5 $1 $17 {[%mdl 512]} 59. c5 (59. exf5 Rxh6+) 59... Rxh6+ 60. Kg1 fxe4 61. fxe4 Qc7) 59. Kg1 Kg8 60. Rb5 Rbe8 61. R5xb3 Qxh6 62. Qd5 {Black must now prevent c5.} Qf8 63. Rb7 Kh8 64. Rd7 {Hoping for Rbb7.} g4 65. Rbb7 (65. fxg4 $16 Qh6 66. Qd3 (66. Rxd6 Qe3+ 67. Kh1 Qh6+ 68. Kg1 Qe3+ 69. Kh1 Qh6+ 70. Kg1 $11)) 65... Qh6 {The position is equal.} 66. Rxh7+ Qxh7 67. Rxh7+ Kxh7 68. fxg4 {[%mdl 4096] Endgame KQ-KRR} Kg6 69. Kf2 Kf7 70. Kg3 Rg8 71. Qc6 {And now Qd7+ would win.} Kg6 72. c5 {Qd7 is the strong threat.} Rge8 $1 73. cxd6 Rd8 74. Qc1 (74. Kf2 {seems wilder.} Rexd6 75. Qc4 Rd2+ 76. Kg3 R2d3+ 77. Kf2) 74... Rexd6 75. Qf1 Rg8 76. Qf5+ Kf7 77. Qf1 Rd4 78. Qb5 Rg5 79. Kf3 Rd8 80. Qb7+ Kg6 81. Qa6 Rh8 82. Qb7 Rf8 83. Qa6 Kh7 84. Qe6 Rg7 85. Qf5+ Kh8 86. Kg3 {Accuracy: White = 46%, Black = 53%.} 1/2-1/2

[Event "RUS-chT Premier 2019"]
[Site "Sochi"]
[Date "2019.05.07"]
[Round "6.19"]
[White "Schekachikhin, Maksim"]
[Black "Artemiev, Vladislav"]
[Result "0-1"]
[WhiteElo "2424"]
[BlackElo "2754"]
[Annotator "TA"]
[PlyCount "114"]
[EventDate "2019.05.01"]
[EventType "team-tourn"]
[EventCountry "RUS"]
[SourceTitle "playchess.com"]
[Source "ChessBase"]
[SourceQuality "1"]

{[%evp 22,128,14,17,24,20,31,24,19,0,0,0,11,-15,-20,-12,-33,-107,-14,-45,-30,-39,-30,-40,-42,-45,-41,-45,-39,-36,-43,-42,-40,-34,-48,-38,-37,-40,-30,-42,-49,-55,-45,-45,-16,-37,-31,-37,-32,-37,-50,-43,-33,-38,-31,-59,-24,-31,0,-14,-14,-20,-9,-25,-25,-18,-26,-30,-27,-34,-34,-38,-52,-38,-38,-38,-38,-38,-38,-38,-38,-38,-38,-38,-38,-38,0,0,0,-8,-8,-68,-65,-186,-72,-152,-147,-188,-216,-195,-172,-252,-247,-238,-246,-627,-620,-29998,-29999]} 1. d4 d5 2. c4 c6 3. Nc3 Nf6 4. Nf3 e6 5. e3 Nbd7 6. Qc2 Bd6 7. Bd3 O-O 8. O-O dxc4 9. Bxc4 e5 10. h3 exd4 11. exd4 Nb6 12. Bb3 Nfd5 {D46: Semi-Slav: 5 e3 Nbd7 6 Bd3, Black avoids the Meran} (12... Re8 13. Bg5 Be6 14. Rfe1 Bxb3 15. Qxb3 Rxe1+ 16. Rxe1 h6 17. Bxf6 Qxf6 18. a4 Qf5 19. Ne5 Re8 20. a5 Nd7 21. Nf3 Rxe1+ 22. Nxe1 b6 23. axb6 axb6 24. Qc4 c5 25. Nf3 Qc2 26. dxc5 {½-½ (26) Wang,Y (2723)-Lu,S (2616) Shenzhen 2016}) 13. Re1 h6 {[#]} 14. a3 $146 ({Predecessor:} 14. Qd3 Nb4 15. Qb1 N4d5 16. Bd2 Nxc3 17. bxc3 Qf6 18. Ne5 Bf5 19. Qd1 Rae8 20. f4 Bxe5 21. fxe5 {½-½ (41) Palac,M (2592)-Gergacz,A (2436) Oberwart 2011}) 14... Re8 {White has an edge.} 15. Bd2 Be6 16. Ba2 Bf8 17. Ne5 Nf6 18. Bxe6 Rxe6 19. Rad1 (19. Qd3 $15) 19... Nbd5 ({Black should try} 19... Qxd4 $17 20. Bc1 Qc5) 20. Qb3 Qb6 21. Qxb6 axb6 22. Nxd5 Nxd5 23. Nc4 Rxe1+ 24. Rxe1 f6 25. g3 Kf7 26. Ne3 Nc7 27. Nc4 b5 28. Na5 Ra7 29. Nb3 Nd5 30. Nc5 Be7 31. Kg2 b6 32. Nb3 Ke8 33. Kf3 Kd7 34. Ke4 Bd6 35. Rc1 Ra8 36. Kd3 h5 37. Rg1 g5 38. Nc1 Re8 39. Re1 Ra8 40. Ne2 b4 41. axb4 Ra2 42. Kc2 Bxb4 43. Bxb4 Nxb4+ $11 {[%mdl 4096] Endgame KRN-KRN} 44. Kc3 Nd5+ 45. Kb3 Ra5 46. g4 h4 47. f4 Ra8 {...Re8 is the strong threat.} 48. fxg5 fxg5 49. Nc3 Nf4 50. Ne4 $1 Nxh3 {White must now prevent ...Kc7.} 51. Rh1 Nf4 52. Nxg5 Rh8 53. Kc3 Rg8 54. Nf3 h3 55. Kd2 Ke6 56. Re1+ ({White should play} 56. Ne5 $11) 56... Kf6 $15 57. Ne5 {[#]} ({Better is} 57. Rg1 $1 $15) 57... Kg5 {Played: Rg8-d8} 0-1

[Event "RUS-chT Premier 2019"]
[Site "Sochi"]
[Date "2019.05.07"]
[Round "6.20"]
[White "Kamsky, Gata"]
[Black "Duzhakov, Ilya"]
[Result "1-0"]
[WhiteElo "2664"]
[BlackElo "2388"]
[Annotator "ChessBase"]
[PlyCount "87"]
[EventDate "2019.05.01"]
[EventType "team-tourn"]
[EventCountry "RUS"]
[SourceTitle "playchess.com"]
[Source "ChessBase"]
[SourceQuality "1"]
[TimeControl "40/5400+30:1800+30"]

1. e4 c5 2. Nc3 {[%emt 0:00:14]} a6 {[%emt 0:00:00]} 3. Nf3 {[%emt 0:02:37]} d6 {[%emt 0:00:00]} 4. Bc4 {[%emt 0:02:37]} e6 {[%emt 0:02:24]} 5. a3 {[%emt 0:00:10]} Nf6 {[%emt 0:00:22]} 6. Ba2 {[%emt 0:00:17]} Be7 {[%emt 0:06:21]} 7. O-O {[%emt 0:00:16]} O-O {[%emt 0:09:45]} 8. d3 {[%emt 0:00:28]} Nc6 {[%emt 0:02:40]} 9. h3 {[%emt 0:00:28]} b5 {[%emt 0:01:19]} 10. Re1 {[%emt 0:00:43]} h6 {[%emt 0:04:50]} 11. Ne2 {[%emt 0:01:43]} Re8 {[%emt 0:03:28]} 12. Ng3 {[%emt 0:00:25]} Bf8 {[%emt 0:01:04]} 13. c3 {[%emt 0:00:08]} g6 {[%emt 0:10:01]} 14. d4 {[%emt 0:00:13]} c4 {[%emt 0:01:01]} 15. Be3 {[%emt 0:04:03]} Bb7 {[%emt 0:03:20]} 16. Qd2 {[%emt 0:00:13]} Kh7 {[%emt 0:00:21]} 17. Rad1 {[%emt 0:00:07]} Qc7 {[%emt 0:04:14]} 18. Nh2 {[%emt 0:01:33]} Ne7 {[%emt 0:04:34]} 19. Bb1 {[%emt 0:01:18]} Nfg8 {[%emt 0:17:02]} 20. h4 {[%emt 0:01:04]} e5 {[%emt 0:03:47]} 21. f4 {[%emt 0:00:54]} Bg7 {[%emt 0:03:03]} 22. Nf3 {[%emt 0:04:09]} Nc6 {[%emt 0:05:26]} 23. fxe5 {[%emt 0:12:11]} dxe5 {[%emt 0:00:19]} 24. d5 {[%emt 0:00:04]} Nb8 {[%emt 0:00:53]} 25. Rf1 {[%emt 0:02:59]} Bc8 {[%emt 0:03:07]} 26. Nh2 {[%emt 0:00:20]} a5 {[%emt 0:04:42]} 27. a4 {[%emt 0:02:41]} bxa4 {[%emt 0:01:02]} 28. Bc2 {[%emt 0:00:07]} Ra6 {[%emt 0:02:16]} 29. Bxa4 {[%emt 0:00:14]} Rd8 {[%emt 0:00:04]} 30. Bb5 {[%emt 0:02:17]} Rad6 {[%emt 0:01:53]} 31. Qe2 {[%emt 0:00:26]} Ba6 {[%emt 0:00:31]} 32. Bxa6 {[%emt 0:00:40]} Nxa6 {[%emt 0:00:03]} 33. Ra1 {[%emt 0:01:26]} Rc8 {[%emt 0:03:39]} 34. Ra4 {[%emt 0:01:08]} Bf6 {[%emt 0:00:09]} 35. h5 {[%emt 0:00:58]} Bd8 {[%emt 0:02:09]} 36. Ng4 {[%emt 0:02:56]} Qe7 {[%emt 0:00:41]} 37. Qf3 {[%emt 0:04:57]} Rc7 {[%emt 0:01:18]} 38. Rxa5 {[%emt 0:01:03]} Rb7 {[%emt 0:00:11]} 39. Ra4 {[%emt 0:00:18]} Bb6 {[%emt 0:00:44]} 40. Rxc4 {[%emt 0:00:00]} Bxe3+ {[%emt 0:00:00]} 41. Qxe3 {[%emt 0:01:45]} Rxb2 {[%emt 0:04:00]} 42. Rc8 {[%emt 0:02:25]} gxh5 {[%emt 0:08:39]} 43. Nf5 {[%emt 0:00:25]} Qd7 {[%emt 0:00:41]} 44. Nxd6 {[%emt 0:00:16]} 1-0

[Event "RUS-chT Premier 2019"]
[Site "Sochi"]
[Date "2019.05.07"]
[Round "6.21"]
[White "Vlasenko, Miroslav"]
[Black "Timofeev, Artyom"]
[Result "0-1"]
[WhiteElo "2424"]
[BlackElo "2602"]
[Annotator "ChessBase"]
[PlyCount "86"]
[EventDate "2019.05.01"]
[EventType "team-tourn"]
[EventCountry "RUS"]
[SourceTitle "playchess.com"]
[Source "ChessBase"]
[SourceQuality "1"]
[TimeControl "40/5400+30:1800+30"]

1. d4 {[%emt 0:00:00]} Nf6 {[%emt 0:00:00]} 2. c4 {[%emt 0:00:00]} g6 {[%emt 0:00:00]} 3. f3 {[%emt 0:00:00]} e6 {[%emt 0:08:54]} 4. e4 {[%emt 0:00:44]} d5 {[%emt 0:00:06]} 5. Nc3 {[%emt 0:00:25]} dxe4 {[%emt 0:04:04]} 6. fxe4 {[%emt 0:00:19]} c5 {[%emt 0:00:07]} 7. Bg5 {[%emt 0:29:31]} h6 {[%emt 0:03:14]} 8. Bxf6 {[%emt 0:00:54]} Qxf6 {[%emt 0:00:06]} 9. e5 {[%emt 0:02:19]} Qh4+ {[%emt 0:12:33]} 10. g3 {[%emt 0:00:13]} Qxd4 {[%emt 0:00:04]} 11. Qe2 {[%emt 0:01:23]} Bg7 {[%emt 0:03:57]} 12. Nf3 {[%emt 0:04:44]} Qd8 {[%emt 0:00:32]} 13. Rd1 {[%emt 0:14:04]} Bd7 {[%emt 0:10:57]} 14. Bg2 {[%emt 0:07:49]} Qe7 {[%emt 0:03:14]} 15. Ne4 {[%emt 0:05:05]} O-O {[%emt 0:00:14]} 16. O-O {[%emt 0:09:31]} Be8 {[%emt 0:21:28]} 17. Nf6+ {[%emt 0:05:13]} Kh8 {[%emt 0:00:43]} 18. g4 {[%emt 0:07:32]} Nc6 {[%emt 0:01:29]} 19. g5 {[%emt 0:00:27]} Rd8 {[%emt 0:01:49]} 20. gxh6 {[%emt 0:01:05]} Bxh6 {[%emt 0:00:51]} 21. Qe4 {[%emt 0:02:42]} Kg7 {[%emt 0:02:12]} 22. Rde1 {[%emt 0:01:02]} Nd4 {[%emt 0:00:47]} 23. Nh4 {[%emt 0:00:58]} Bg5 {[%emt 0:05:22]} 24. Qg4 {[%emt 0:00:42]} Bxh4 {[%emt 0:01:25]} 25. Qxh4 {[%emt 0:01:07]} Rh8 {[%emt 0:00:09]} 26. Qg5 {[%emt 0:00:53]} Nf5 {[%emt 0:00:45]} 27. Be4 {[%emt 0:00:44]} Kf8 {[%emt 0:02:26]} 28. Rd1 {[%emt 0:00:53]} Rd4 {[%emt 0:03:34]} 29. h4 {[%emt 0:01:47]} Bc6 {[%emt 0:00:42]} 30. Rxd4 {[%emt 0:01:55]} cxd4 {[%emt 0:00:17]} 31. Bxf5 {[%emt 0:00:46]} exf5 {[%emt 0:00:45]} 32. Qf4 {[%emt 0:00:11]} Qc5 {[%emt 0:04:15]} 33. Rd1 {[%emt 0:00:43]} Qxc4 {[%emt 0:02:11]} 34. Rxd4 {[%emt 0:00:14]} Qe2 {[%emt 0:00:45]} 35. Qg3 {[%emt 0:00:54]} Kg7 {[%emt 0:00:28]} 36. h5 {[%emt 0:00:11]} Bf3 {[%emt 0:04:02]} 37. Rd7 {[%emt 0:00:54]} Bxh5 {[%emt 0:01:37]} 38. Qb3 {[%emt 0:00:04]} Qe1+ {[%emt 0:01:43]} 39. Kg2 {[%emt 0:00:01]} Qe2+ {[%emt 0:00:12]} 40. Kg1 {[%emt 0:00:00]} Qe1+ {[%emt 0:00:00]} 41. Kg2 {[%emt 0:00:05]} Bf3+ {[%emt 0:02:12]} 42. Qxf3 {[%emt 0:00:05]} Qh1+ {[%emt 0:00:12]} 43. Kf2 {[%emt 0:00:05]} Rh2+ {[%emt 0:00:19]} 0-1